000 00320 a2200145 4500
001 168594
020 _a
040 _cMagnum
100 _aSiqueira, Juliana
240 1 0 _aUma licao da historia: bh 100 anos
_lpor
245 1 0 _aUma licao da historia: bh 100 anos
362 0 _a1899
697 _aGERAL
942 _cBK
999 _c168594
_d168594